Concurrentes a la inauguración del curso y descubrimiento de una lápida dedicada a D. Juan Miguel de los Ríos : (Record no. 193743)

MARC details
000 -LEADER
campo de control de longitud fija 01270nab a2200277 i 4500
001 - NÚMERO DE CONTROL
campo de control 193743
003 - IDENTIFICADOR DE NÚMERO DE CONTROL
campo de control ES-MaACL
005 - FECHA Y HORA DE LA ÚLTIMA TRANSACCIÓN
campo de control 20250811063211.0
007 - CAMPO FIJO DE DESCRIPCIÓN FÍSICA--INFORMACIÓN GENERAL
campo de control de longitud fija t|
008 - DATOS DE LONGITUD FIJA--INFORMACIÓN GENERAL
campo de control de longitud fija 240208s1913 sp ||||1| spa d
040 ## - FUENTE DE CATALOGACIÓN
Centro catalogador/agencia de origen ES-MaACL
Lengua de catalogación spa
Centro/agencia transcriptor ES-MaACL
245 00 - MENCIÓN DEL TÍTULO
Título Concurrentes a la inauguración del curso y descubrimiento de una lápida dedicada a D. Juan Miguel de los Ríos :
Resto del título en el Ateneo
246 1# - FORMA VARIANTE DEL TITULO
Título propio/Titulo breve En el Ateneo :
Resto del título concurrentes a la inauguración del curso y descubrimiento de una lápida dedicada a D. Juan Miguel de los Ríos
260 ## - PUBLICACIÓN, DISTRIBUCIÓN, ETC.
Lugar de publicación, distribución, etc. [Madrid :
Nombre del editor, distribuidor, etc. Blanco y Negro,
Fecha de publicación, distribución, etc. 1913]
300 ## - DESCRIPCIÓN FÍSICA
Extensión 1 página ;
Otras características físicas 1 ilustración ;
Dimensiones 30 cm
336 ## - TIPO DE CONTENIDO
Fuente rdacontent
Término de tipo de contenido texto
337 ## - TIPO DE MEDIO
Fuente rdamedia
Nombre/término del tipo de medio sin mediación
338 ## - TIPO DE SOPORTE
Fuente rdacarrier
Nombre/término del tipo de soporte volumen
500 ## - NOTA GENERAL
Nota general Fotocopia de la página con la fotografía "Concurrentes a la inauguración del curso y descubrimiento de una lápida dedicada a D. Juan Miguel de los Ríos: en el Ateneo", publicada en "Blanco y negro", 16 de noviembre de 1913, n. 1174
600 17 - PUNTO DE ACCESO ADICIONAL DE MATERIA--NOMBRE DE PERSONA
Nombre de persona Ríos, Juan Miguel de los,
Fechas asociadas al nombre ca. 1806-
Fuente del encabezamiento o término embne
9 (RLIN) 131832
610 24 - PUNTO DE ACCESO ADICIONAL DE MATERIA--NOMBRE DE ENTIDAD CORPORATIVA
Nombre de entidad corporativa o nombre de jurisdicción como elemento de entrada Ateneo de Madrid-
Subdivisión de forma Historia
9 (RLIN) 1925
852 4# - LOCALIZACIÓN
Ubicación ES-MaACL
Ubicación en estantería Depósito folletos
Número de control de estantería 2347-F-77
itemnumber 201278
942 ## - ELEMENTOS DE ENTRADA SECUNDARIOS (KOHA)
Fuente del sistema de clasificación o colocación Clasificación decimal universal
Tipo de ítem Koha Artículo de revista
Suprimir en OPAC No
Holdings
Estatus retirado Estado de pérdida Fuente del sistema de clasificación o colocación Estado de daño No para préstamo Colección Biblioteca de origen Biblioteca actual Ubicación en estantería Fecha de adquisición Total de préstamos Signatura topográfica completa Código de barras Visto por última vez Tipo de ítem Koha
    Clasificación decimal universal     Fondo Ateneo de Madrid Biblioteca del Ateneo de Madrid Biblioteca del Ateneo de Madrid Depósito folletos 08/02/2024   2347-F-77 101206761 08/02/2024 Artículo de revista